طرق تزيين المباني المدنية في شمال أفريقيا في العصرين اليوناني والروماني ومقارنتها بمثيلاتها في مصر : (Record no. 178061)
[ view plain ]
| 000 -LEADER | |
|---|---|
| fixed length control field | 04257namaa22004211i 4500 |
| 003 - CONTROL NUMBER IDENTIFIER | |
| control field | OSt |
| 005 - أخر تعامل مع التسجيلة | |
| control field | 20260315114300.0 |
| 008 - FIXED-LENGTH DATA ELEMENTS--GENERAL INFORMATION | |
| fixed length control field | 250827s2024 ua a|||frm||| 000 0 eng d |
| 040 ## - CATALOGING SOURCE | |
| Original cataloguing agency | EG-GICUC |
| Language of cataloging | ara |
| Transcribing agency | EG-GICUC |
| Modifying agency | EG-GICUC |
| Description conventions | rda |
| 041 0# - LANGUAGE CODE | |
| Language code of text/sound track or separate title | ara |
| Language code of summary or abstract | ara |
| -- | eng |
| 049 ## - Acquisition Source | |
| Acquisition Source | إيداع |
| 082 04 - DEWEY DECIMAL CLASSIFICATION NUMBER | |
| Classification number | 722.8 |
| 092 ## - LOCALLY ASSIGNED DEWEY CALL NUMBER (OCLC) | |
| Classification number | 722.8 |
| Edition number | 21 |
| 097 ## - Degree | |
| Degree | مــــاجستير |
| 099 ## - LOCAL FREE-TEXT CALL NUMBER (OCLC) | |
| Local Call Number | Cai01.14.04.M.Sc.2024.يا.ط |
| 100 0# - MAIN ENTRY--PERSONAL NAME | |
| Authority record control number or standard number | ،ياسمين محمد عبدالرؤف محمد |
| Preparation | إعداد. |
| 245 10 - TITLE STATEMENT | |
| Title | طرق تزيين المباني المدنية في شمال أفريقيا في العصرين اليوناني والروماني ومقارنتها بمثيلاتها في مصر : |
| Remainder of title | دراسة فنية آثرية / |
| Statement of responsibility, etc. | إعداد ياسمين محمد عبدالرؤف محمد؛ إشراف أ.د. خالد غريب شاهين، د.نيفين يحيي محمد. |
| 246 15 - VARYING FORM OF TITLE | |
| Title proper/short title | Decoration methods of daily life buildings in north africa during the greek and roman periods comparing it with its equivalents in egypt : |
| Remainder of title | Archaeological and artistic study / |
| 264 #0 - PRODUCTION, PUBLICATION, DISTRIBUTION, MANUFACTURE, AND COPYRIGHT NOTICE | |
| Date of production, publication, distribution, manufacture, or copyright notice | 2024. |
| 300 ## - PHYSICAL DESCRIPTION | |
| Extent | 331 صفحة : |
| Other physical details | إيضاحيات ؛ |
| Dimensions | 30 cm. + |
| Accompanying material | CD. |
| 336 ## - CONTENT TYPE | |
| Content type term | text |
| Source | rda content |
| 337 ## - MEDIA TYPE | |
| Media type term | Unmediated |
| Source | rdamedia |
| 338 ## - CARRIER TYPE | |
| Carrier type term | volume |
| Source | rdacarrier |
| 502 ## - DISSERTATION NOTE | |
| Dissertation note | أطروحة (ماجستير)-جامعة القاهرة، 2024. |
| 504 ## - BIBLIOGRAPHY, ETC. NOTE | |
| Bibliography, etc. note | ببليوجرافيا: صفحات 316-328. |
| 520 ## - SUMMARY, ETC. | |
| Summary, etc. | تبدأ الرسالة بفصلها الأول بالحديث عن الجزء التقني الخاص بالأساليب الفنية والطرق المستخدمة للعناصر الفنية التي اتبعها الرومان كالنحت والتصوير والمدارس التي ظهرت بالشمال الأفريقي. أما الفصل الثاني، الثالث، الرابع، الخامس والسادس فهو يحمل وصفًا توضيحيًا للمباني المدنية كل مبني علي حدة التي تشتمل علي منازل، حمامات، أسواق ومكتبات ومسارح داخل مدن الشمال الأفريقي وأهمها ليبيا، تونس، الجزائر، المغرب. وتوضيح كيفية تزيين الفنان لعناصر المبنى وتصوير مناظر رومانية وأقريقية محلية.مع دراسة كل هذه المباني مع شبيهتها في مدن داخل مصر. ثم الفصل السابع كدراسة تحليلية مقارنة لهذه العناصر الفنية في شمال أفريقيا ومقارنتها بمثيلاتها في مصر. |
| 520 ## - SUMMARY, ETC. | |
| Summary, etc. | The letter begins with its first chapter by discussing the technical segment on the techniques and methods used for the artistic elements followed by Romans such as sculpture, wall painting, and art schools that emerged in North Africa.Chapters II, III, IV, V, and VI contain an illustrative description of the daily life buildings, including houses, bathrooms, markets, libraries, and theatres within the North African cities, most such as Libya, Tunisia, Algeria, and Morocco. Illustrating how the artist decorated the building's elements and painted local Roman and African scenes. With the study of all these buildings with similar in cities within Egypt.Chapter VII is an analysis of these technical elements in North Africa and a comparison with those in Egypt. |
| 530 ## - ADDITIONAL PHYSICAL FORM AVAILABLE NOTE | |
| Issues CD | صدر أيضًا كقرص مدمج. |
| 546 ## - LANGUAGE NOTE | |
| Text Language | النص بالعربية والملخص باللغة الإنجليزية والعربية. |
| 650 #7 - SUBJECT ADDED ENTRY--TOPICAL TERM | |
| Topical term or geographic name entry element | الآثار اليونانية |
| Source of heading or term | qrmak |
| 653 #0 - INDEX TERM--UNCONTROLLED | |
| Uncontrolled term | المباني |
| -- | المدنية التزيين |
| -- | مباني الدوموس |
| 700 0# - ADDED ENTRY--PERSONAL NAME | |
| Personal name | خالد غريب شاهين |
| Relator term | مشرف أطروحة. |
| 700 0# - ADDED ENTRY--PERSONAL NAME | |
| Personal name | نيفين يحيي محمد |
| Relator term | مشرف أطروحة. |
| 900 ## - Thesis Information | |
| Grant date | 03-08-2024 |
| Supervisory body | خالد غريب شاهين |
| -- | نيفين يحيي محمد |
| Universities | جامعة القاهرة |
| Faculties | كلية الآثار |
| Department | قسم الآثار اليونانية والرومانية |
| 905 ## - Cataloger and Reviser Names | |
| Cataloger Name | Sara Salah |
| Reviser Names | Afaf |
| 942 ## - ADDED ENTRY ELEMENTS (KOHA) | |
| Source of classification or shelving scheme | Dewey Decimal Classification |
| Koha item type | Thesis |
| Edition | 21 |
| Suppress in OPAC | No |
| Source of classification or shelving scheme | Home library | Current library | Date acquired | Inventory number | Full call number | Barcode | Date last seen | Effective from | Koha item type |
|---|---|---|---|---|---|---|---|---|---|
| Dewey Decimal Classification | المكتبة المركزبة الجديدة - جامعة القاهرة | قاعة الرسائل الجامعية - الدور الاول | 27.01.2026 | 32913 | Cai01.14.04.M.Sc.2024.يا.ط | 01010100032913000 | 27.01.2026 | 27.01.2026 | Thesis |